00794nam a22002537a 450000500170000001000130001702000100003003500130004003700160005304000120006908200160008110000290009724500520012624600060017826000310018427000450021530000240026050000190028465000280030365000370033194200250036899900190039395201280041220170124110217.0 aA-302799 c00.00 aA-302799 bCen Lib/Ret aDPLbEN a181.45bCHA aChaitanya, Krishna92052 aThe Gita for modern man /cby Krishna Chaitanya b  bClarion BooksaDelhic1988 bNew DelhiaC-36, Connaught Placee110001 axi,256p. c27cm(Hb) aIncludes index aBhagavadgītā939308 aOccultism -- Dictionaries939309 2ddccENh181.45mCHA c133934d133934 001040718REFaLbLd2015-07-28eCen Lib/Retg0.00l0o181.45 CHApA-302799r2015-07-28 00:00:00t1v0.00w2015-07-28yEN